000 00373nam a2200121Ia 4500
005 20260328101513.0
008 260328s9999||||xx |||||||||||||| ||und||
100 _aMuseo de Arte Moderno de Bogotá
245 0 _aFidolo Alfonso Gonzalez Camargo 1883 - 1941 /
_cMuseo de Arte Moderno de Bogotá
260 _bMuseo de Arte Moderno de Bogotá
650 _aPINTURA
942 _cBK
999 _c9272
_d9272